000 00720nam a2200205 4500
001 121651
003 ES-MaACL
005 20230906191807.0
007 t|
008 070214q1984 xxu r ||||1| spa d
100 1 _aPortala, César A.
_993193
245 1 1 _a"Poemas y versiones`
_b: tres épocas /
_cde César A. Portala.
260 _aNew York :
_bCésar A. Portala,
_c[1984?]
300 _a28 h. ;
_c25 cm.
505 8 _aContiene: 1932/1934 : Amores de estudiante. 1956/1959 : 22 años después. 1979/1984 : 20 años después.
740 0 _a1932/1934 : Amores de estudiante.
740 0 _a1956/1959 : 22 años después.
740 0 _a1979/1984 : 20 años después.
852 _aES-MaACL
_j2130-F-39
_bR.108290
999 _c121651
_d121651